000 00435nam a2200181Ia 4500
001 13413
005 20260306164759.0
008 260306t2013||||xx |||||||||||||| ||spa||
041 _aESP
082 _a004
_bS29
100 _aSchneider, G. Michael
_eAUT
245 0 _aInvitation to computer science
260 _c2013
300 _axxviii, 855 páginas :
_c25 cm.
650 _aGEN
654 _aCCC
942 _cLIB
_dJUS
_fJUS
_2ddc
_n
999 _c13413
_d13413